<?xml version="1.0" encoding="UTF-8"?>
<record
    xmlns:xsi="http://www.w3.org/2001/XMLSchema-instance"
    xsi:schemaLocation="http://www.loc.gov/MARC21/slim http://www.loc.gov/standards/marcxml/schema/MARC21slim.xsd"
    xmlns="http://www.loc.gov/MARC21/slim">

  <leader>01996cam a22002655a 4500</leader>
  <controlfield tag="001">18599786</controlfield>
  <controlfield tag="005">20160302105713.0</controlfield>
  <controlfield tag="008">150501s2016    enk    frb    001 0 eng d</controlfield>
  <datafield tag="020" ind1=" " ind2=" ">
    <subfield code="a">9781138909816</subfield>
  </datafield>
  <datafield tag="040" ind1=" " ind2=" ">
    <subfield code="a">DLC</subfield>
    <subfield code="b">eng</subfield>
    <subfield code="c">DLC</subfield>
    <subfield code="d">DLC</subfield>
    <subfield code="d">EG-ScBUE</subfield>
  </datafield>
  <datafield tag="043" ind1=" " ind2=" ">
    <subfield code="a">f------</subfield>
  </datafield>
  <datafield tag="082" ind1="0" ind2="4">
    <subfield code="2">24</subfield>
    <subfield code="a">327.6</subfield>
    <subfield code="b">AFR</subfield>
  </datafield>
  <datafield tag="245" ind1="0" ind2="0">
    <subfield code="a">Africa in global international relations :</subfield>
    <subfield code="b">emerging approaches to theory and practice /</subfield>
    <subfield code="c">edited by Paul-Henri Bischoff, Kwesi Aning, and Amitav Acharya.</subfield>
  </datafield>
  <datafield tag="260" ind1=" " ind2=" ">
    <subfield code="a">Oxon ;</subfield>
    <subfield code="a">New York :</subfield>
    <subfield code="b">Routledge / Taylor &amp; Francis Group,</subfield>
    <subfield code="c">2016.</subfield>
  </datafield>
  <datafield tag="300" ind1=" " ind2=" ">
    <subfield code="a">xvii, 180 p. ;</subfield>
    <subfield code="c">25 cm.</subfield>
  </datafield>
  <datafield tag="490" ind1="0" ind2=" ">
    <subfield code="a">Routledge studies in African politics and international relations ;</subfield>
    <subfield code="v">9</subfield>
  </datafield>
  <datafield tag="500" ind1=" " ind2=" ">
    <subfield code="a">Index : p. 175-180.</subfield>
  </datafield>
  <datafield tag="504" ind1=" " ind2=" ">
    <subfield code="a">Includes bibliographical references.</subfield>
  </datafield>
  <datafield tag="505" ind1="0" ind2=" ">
    <subfield code="a">Africa in Global International Relations : Emerging Approaches to Theory and Practice : An Introduction / Paul-Henri Bischoff Kwesi Aning and Amitav Acharya -- A Critique of Failing International Relations Theories in African Tests / Ahmed Salem -- Feminist IR and the study of Africa : (still) together on the theoretical margins? / Heidi Hudson -- Disciplining the Developing World? : Perspectives from a South African IR / Candice Moore -- Soft balancing among African weak states : A challenge to Realists International Relations Theory / Leslie Blaauw -- Africa in international relations : agent, bystander or victim? / Jo-Ansie van Wyck -- An Emerging, Established or Receding Normative Agent? : Probing the African Union's Recent Response to and Intervention in Libya / Gerrie Swart -- Africanizing the international and internationalizing Africa : security, war on terror and Mali / Kwesi Aning and Nancy Annan --  Bridging the Gap : The Pan-African School and International Relations Theory / Tim Murithi.</subfield>
  </datafield>
  <datafield tag="651" ind1=" " ind2="0">
    <subfield code="a">Africa</subfield>
    <subfield code="x">Foreign relations.</subfield>
    <subfield code="2">BUEsh</subfield>
  </datafield>
  <datafield tag="651" ind1=" " ind2="0">
    <subfield code="a">International relations</subfield>
    <subfield code="x">Philosophy.</subfield>
    <subfield code="2">BUEsh</subfield>
  </datafield>
  <datafield tag="653" ind1=" " ind2=" ">
    <subfield code="b">BUSBOL</subfield>
    <subfield code="c">March2016</subfield>
  </datafield>
  <datafield tag="700" ind1="1" ind2=" ">
    <subfield code="a">Bischoff, Paul,</subfield>
    <subfield code="d">1954-</subfield>
    <subfield code="e">editor.</subfield>
  </datafield>
  <datafield tag="942" ind1=" " ind2=" ">
    <subfield code="2">ddc</subfield>
  </datafield>
  <datafield tag="999" ind1=" " ind2=" ">
    <subfield code="c">21298</subfield>
    <subfield code="d">21270</subfield>
  </datafield>
  <datafield tag="952" ind1=" " ind2=" ">
    <subfield code="0">0</subfield>
    <subfield code="1">0</subfield>
    <subfield code="2">ddc</subfield>
    <subfield code="4">0</subfield>
    <subfield code="7">0</subfield>
    <subfield code="8">Alahram</subfield>
    <subfield code="a">MAIN</subfield>
    <subfield code="b">MAIN</subfield>
    <subfield code="c">1ST</subfield>
    <subfield code="d">2016-03-02</subfield>
    <subfield code="e">Purchase</subfield>
    <subfield code="g">406.00</subfield>
    <subfield code="h">620</subfield>
    <subfield code="l">3</subfield>
    <subfield code="m">2</subfield>
    <subfield code="o">327.6 AFR</subfield>
    <subfield code="p">000031827</subfield>
    <subfield code="r">2025-07-15 00:00:00</subfield>
    <subfield code="s">2020-10-18</subfield>
    <subfield code="v">507.20</subfield>
    <subfield code="y">BB</subfield>
  </datafield>
</record>
